My librarian is a camel : (Record no. 4477)

MARC details
000 -LEADER
fixed length control field 01464cam a2200301 a 4500
001 - CONTROL NUMBER
control field 4477
003 - CONTROL NUMBER IDENTIFIER
control field FISKH
005 - DATE AND TIME OF LATEST TRANSACTION
control field 20250404095924.0
008 - FIXED-LENGTH DATA ELEMENTS--GENERAL INFORMATION
fixed length control field 050921s2005 pauab b 000 0 eng
010 ## - LIBRARY OF CONGRESS CONTROL NUMBER
LC control number 2005282218
020 ## - INTERNATIONAL STANDARD BOOK NUMBER
International Standard Book Number 1590780930
020 ## - INTERNATIONAL STANDARD BOOK NUMBER
International Standard Book Number 9780545591935
040 ## - CATALOGING SOURCE
Original cataloging agency DLC
Transcribing agency DLC
Modifying agency DLC
Language of cataloging eng
050 ## - LIBRARY OF CONGRESS CALL NUMBER
Classification number Z716.R88
082 ## - DEWEY DECIMAL CLASSIFICATION NUMBER
Classification number 027.4
100 1# - MAIN ENTRY--PERSONAL NAME
Personal name Ruurs, Margriet.
245 10 - TITLE STATEMENT
Title My librarian is a camel :
Remainder of title how books are brought to children around the world /
Statement of responsibility, etc. Margriet Ruurs.
260 ## - PUBLICATION, DISTRIBUTION, ETC.
Place of publication, distribution, etc. New York :
Name of publisher, distributor, etc. Scholastic,
Date of publication, distribution, etc. 2005
300 ## - PHYSICAL DESCRIPTION
Extent 32 pages :
Other physical details color illustrations ; maps ;
Dimensions 23 x 26 cm.
520 ## - SUMMARY, ETC.
Summary, etc. Do you get books from a public library in your town or even in your school library? In many remote areas of the world, there are no library buildings. In many countries, books are delivered in unusual way: by bus, boat, elephant, donkey, train, even by wheelbarrow. Why would librarians go to the trouble of packing books on the backs of elephants or driving miles to deliver books by bus? Because, as one librarian in Azerbaijan says, "Books are as important to us as air or water!" This is the intriguing photo essay, a celebration of books, readers, and libraries.
650 #0 - SUBJECT ADDED ENTRY--TOPICAL TERM
Topical term or geographic name entry element Traveling libraries
Form subdivision Juvenile literature.
650 #0 - SUBJECT ADDED ENTRY--TOPICAL TERM
Topical term or geographic name entry element Librarians
Form subdivision Juvenile literature.
650 #1 - SUBJECT ADDED ENTRY--TOPICAL TERM
Topical term or geographic name entry element Traveling libraries.
650 #1 - SUBJECT ADDED ENTRY--TOPICAL TERM
Topical term or geographic name entry element Libraries.
906 ## - LOCAL DATA ELEMENT F, LDF (RLIN)
a 7
b cbc
c orignew
d 2
e ncip
f 20
g y-gencatlg
942 ## - ADDED ENTRY ELEMENTS (KOHA)
Source of classification or shelving scheme Dewey Decimal Classification
Koha item type Books
Suppress in OPAC No
Holdings
Withdrawn status Lost status Source of classification or shelving scheme Damaged status Not for loan Collection Home library Current library Shelving location Date acquired Total Checkouts Full call number Barcode Date last seen Copy number Price effective from Koha item type
    Dewey Decimal Classification     Non-Fiction Footprints International School Library Network Toul Kork Campus Footprints International School Library Network Toul Kork Campus A TK Campus, 4th Floor, Room B401, Non-Fiction Bookcases(7-8) 09/11/2024   RUU 027.4 Z716.R88 FISTK05646 09/11/2024 1 09/11/2024 Books
    Dewey Decimal Classification     Non-Fiction Footprints International School Library Network Toul Kork Campus Footprints International School Library Network Toul Kork Campus A TK Campus, 4th Floor, Room B401, Non-Fiction Bookcases(7-8) 04/04/2025   RUU 027.4 Z716.R88 FISTK04998 04/04/2025 3 04/04/2025 Books
    Dewey Decimal Classification     Non-Fiction Footprints International School Library Network Toul Tom Poung Campus Footprints International School Library Network Toul Tom Poung Campus TTP Secondary Non-Fiction Bookshelves 09/11/2024   RUU 027.4 Z716.R88 FISSE01307 12/13/2024 2 09/11/2024 Books